|
|
|
|
| LEADER |
01328nam a2200337 a 4500 |
| 001 |
38174 |
| 003 |
BD-DhAAL |
| 005 |
20220615145442.0 |
| 008 |
980512s1998 nyu 000 0 eng |
| 999 |
|
|
|c 43823
|d 43823
|
| 010 |
|
|
|a 98020719
|
| 020 |
|
|
|a 0385493479 (alk. paper)
|
| 035 |
|
|
|a (DLC) 98020719
|
| 040 |
|
|
|a DLC
|c DLC
|d DLC
|d BD-DhAAL
|
| 043 |
|
|
|a n-us---
|
| 050 |
0 |
0 |
|a E743
|b .G736 1998
|
| 082 |
0 |
0 |
|a 320.9730207
|2 21
|
| 100 |
|
|
|a Dole, Bob
|9 47194
|
| 245 |
0 |
0 |
|a Great political wit :
|b laughing (almost) all the way to the White House /
|c Bob Dole.
|
| 250 |
|
|
|a First edition
|
| 260 |
|
|
|a New York :
|b Nan A. Talese,
|c 1998.
|
| 300 |
|
|
|a xv, 189 pages ;
|c 20 cm.
|
| 541 |
|
|
|a Donated By Akbar Ali Khan
|e 38174
|
| 650 |
|
0 |
|a Politicians
|z United States
|v Quotations.
|9 47190
|
| 650 |
|
0 |
|a American wit and humor.
|9 49382
|
| 651 |
|
0 |
|a United States
|x Politics and government
|y 20th century
|x Humor.
|9 47191
|
| 651 |
|
0 |
|a United States
|x Politics and government
|y 20th century
|v Quotations, maxims, etc.
|9 47192
|
| 700 |
1 |
|
|a Dole, Robert J.,
|d 1923-
|9 47193
|
| 852 |
|
|
|a Ayesha Abed Library
|c Akbar Ali Khan Collection
|
| 942 |
|
|
|2 ddc
|c BK
|
| 952 |
|
|
|0 0
|1 0
|2 ddc
|4 0
|6 320_973020700000000_DOL
|7 1
|9 70195
|a BRACUL
|b BRACUL
|c AAKC
|d 2022-03-20
|e Donated by Akbar Ali Khan
|l 0
|o 320.9730207 DOL
|p 3010038174
|r 2022-03-20
|t 1
|w 2022-03-20
|y BK
|